Visualizzazione normale
Vista MARC
- 1. Mondo e fede.
di Personal Name
Records bibliografici associati: 1
001 - CONTROL NUMBER
- control field: 36142
003 - CONTROL NUMBER IDENTIFIER
- control field: IT-RoPau
005 - DATE AND TIME OF LATEST TRANSACTION
- control field: 20151008223320.0
008 - FIXED-LENGTH DATA ELEMENTS
- fixed length control field: 151008|| aca||aabn | a|a d
040 ## - CATALOGING SOURCE
- Original cataloging agency: IT-RoPau
- Transcribing agency: IT-RoPau
100 ## - HEADING--PERSONAL NAME
- Personal name: 1. Mondo e fede.
670 ## - SOURCE DATA FOUND
- Source citation: Work cat.: (IT-RoPau)34039: Edward Schillebeeckx 36141, Comprensione del mondo nella fede